Państwa z tropikalnymi lasami deszczowymi i lodowcami - Statystyki

Ogólne statystyki
  • Ten quiz został rozwiązany 200 razy
  • Średni wynik to 13 z 19
Statystyki odpowiedzi
Państwo % Poprawnych
Chile
82%
Peru
81%
Kolumbia
80%
Indie
78%
Indonezja
78%
Stany Zjednoczone
78%
Wenezuela
75%
Australia
74%
Ekwador
74%
Boliwia
73%
Meksyk
71%
Demokratyczna Republika Konga
68%
Kenia
66%
Tanzania
64%
Nowa Zelandia
63%
Japonia
47%
Uganda
46%
Francja
35%
Wielka Brytania
22%
Nie znaleziono quizów pasujących do podanych kryteriów
Rozkład punktacji
Procent ludzi z każdym wynikiem
Percentyl według liczby udzielonych odpowiedzi
Twoja historia wyników
Nie rozwiązałeś tego quizu